Avatar A-Z - Statistics

General Stats
  • This quiz has been taken 40 times
    9 since last reset
  • The average score is 18 of 26
Answer Stats
Clue Answer % Correct
E "Great Mother" spiritual presence Eywa
100%
F Number of planned Avatar movies Five
100%
G Xenobotanist: Dr. _____ Augustine Grace
100%
H Massive tree toppled by the humans Hometree
100%
K Jake and Neytiri's adopted daughter Kiri
100%
P Exoplanet and the main setting Pandora
100%
Q Main antagonist: Miles _______ Quaritch
100%
T Whale-like creature Tulkun
100%
C Director of the Avatar movies Cameron
86%
L Their second son Lo'ak
86%
N Blue humanoid species Na'vi
86%
O Clan that Jake Sully joins {Omati}kaya
86%
S Actress of Neytiri Saldaña
86%
D Company that owns the distribution rights for the Avatar franchise (now) Disney
71%
R Evil company (abbreviated name) RDA
71%
W Jake Sully's actor Worthington
71%
A Movie that briefly overtook Avatar as the highest grossing film Avengers: Endgame
57%
B Dragon-like flying creature: mountain _______ Banshee
57%
M Spiritual leader of letter O Mo'at
57%
V Leader of the Ash people Varang
57%
J Animal that a woodsprite resembles Jellyfish
43%
U Valuable substance that the humans want to mine for energy Unobtanium
43%
I Leona Lewis theme song I See You
29%
X One of the gaming consoles that Avatar: The Game was made for Xbox 360
14%
Y Small, scaly purple fruit Yovo
14%
Z Chinese park whose natural pillars inspired the scenery for Avatar {Zhang}jiajie
14%
No matching quizzes found
Score Distribution
Percent of People with Each Score
Percentile by Number Answered
Your Score History
You have not taken this quiz since the last reset